[Event "Milan SSM op 08"]
[Site "Milan"]
[Date "2013.07.31"]
[Round "1"]
[White "Montoli, Marco"]
[Black "Calandra, Mauro"]
[Result "1-0"]
[WhiteElo "1963"]
[BlackElo "1711"]
[PlyCount "117"]
[EventDate "2013.07.31"]
[EventType "swiss"]
[EventRounds "7"]
[EventCountry "ITA"]
[SourceTitle "EXT 2015"]
[Source "ChessBase"]
[SourceDate "2014.11.20"]
[SourceVersion "1"]
[SourceVersionDate "2014.11.20"]
[SourceQuality "1"]

1. c4 Nf6 2. g3 g6 3. Bg2 Bg7 4. Nc3 0-0 5. Nf3 d6 6. 0-0 Nbd7 7. d3 e5 8. Rb1 Re8 9. Qc2 Rb8 10. h3 b6 11. Be3 Bb7 12. Nd2 Bxg2 13. Kxg2 Nf8 14. b4 d5 15. Bg5 d4 16. Nd5 c6 17. Nxf6+ Bxf6 18. Bxf6 Qxf6 19. Ne4 Qe7 20. c5 b5 21. a4 a6 22. Ra1 Ra8 23. Ra2 Ra7 24. Rfa1 f5 25. Nd6 Rea8 26. axb5 cxb5 27. Qb3+ Kg7 28. f3 Ne6 29. Nxb5 Rb7 30. Qd5 f4 31. Qxe5+ Qf6 32. Qxf6+ Kxf6 33. Nd6 Rxb4 34. Ne4+ Ke7 35. g4 Rb5 36. Rxa6 Rxa6 37. Rxa6 Nxc5 38. Nxc5 Rxc5 39. Ra7+ Kf6 40. Rxh7 g5 41. Rd7 Ke5 42. Re7+ Kf6 43. Re4 Rd5 44. h4 gxh4 45. Rxf4+ Kg5 46. Re4 Kf6 47. Kh3 Kg6 48. Kxh4 Kf6 49. f4 Kg6 50. f5+ Kf6 51. Kg3 Kf7 52. Kf4 Kf6 53. g5+ Kf7 54. Re5 Rd8 55. Ke4 Rd7 56. f6 Rd8 57. Kf5 Ra8 58. g6+ Kf8 59. f7 1-0